00577nam a2200169Ia 4500008004100000020001800041041000800059082001600067100005800083245003100141250000600172260004000178300001200218650002200230999001900252952013600271210716s2007 xx 000 0 und d a9788126508853 aeng a005.42 SILA aSilberschat, Abraham;Galvin, Peter Baer; Gagne, Greg. aOperating system concepts. a6 aNew YorkbJohn Wiley and Sonsc2007 axxi,887 aOperating Systems c188075d188075 001040708MCAaAIMITbAIMITeHigginbothams Pvt Ltdg449.00l0o005.42 SILApMCA07583r2026-05-23 00:00:00v359.20w2021-07-16yBK